House of Stone (Record no. 130372)
[ view plain ]
| 000 -LEADER | |
|---|---|
| fixed length control field | 00373nam a22001337a 4500 |
| 008 - FIXED-LENGTH DATA ELEMENTS--GENERAL INFORMATION | |
| fixed length control field | 200218b ||||| |||| 00| 0 eng d |
| 020 ## - INTERNATIONAL STANDARD BOOK NUMBER | |
| International Standard Book Number | 9781786493163 |
| 050 ## - LIBRARY OF CONGRESS CALL NUMBER | |
| Classification number | PR9390.9.T7 |
| Item number | H6 |
| 100 ## - MAIN ENTRY--PERSONAL NAME | |
| Personal name | Tshuma, Novuyo Rosa |
| 9 (RLIN) | 49555 |
| 245 ## - TITLE STATEMENT | |
| Title | House of Stone |
| Statement of responsibility, etc | Novuyo Rosa Tshuma |
| 260 ## - PUBLICATION, DISTRIBUTION, ETC. (IMPRINT) | |
| Place of publication, distribution, etc | London |
| Name of publisher, distributor, etc | Atlantic Books |
| Date of publication, distribution, etc | 2018 |
| 300 ## - PHYSICAL DESCRIPTION | |
| Extent | 374p. ; |
| Dimensions | 24cm. |
| 942 ## - ADDED ENTRY ELEMENTS (KOHA) | |
| Source of classification or shelving scheme | Library of Congress Classification |
| Item type | Monograph ( Printed materials) |
| Withdrawn status | Lost status | Source of classification or shelving scheme | Damaged status | Not for loan | Collection code | Home library | Current library | Shelving location | Date acquired | Total Checkouts | Full call number | Barcode | Date last seen | Price effective from | Koha item type |
|---|---|---|---|---|---|---|---|---|---|---|---|---|---|---|---|
| Library of Congress Classification | Main Collection | ARRUPE LIBRARY | ARRUPE LIBRARY | Main Collection | 18/02/2020 | PR9390.9.T7 H6 | 46600006394 | 18/02/2020 | 18/02/2020 | Monograph ( Printed materials) |